000 00401ntaaa2200157 4500
003 01
005 20251027203129.0
008 0714s1973 ag 01
040 _aAR-BaBN
_bspa
_cAR-BaBN
_eaacr
_dRIC
082 _a783.9000
245 _aWorship and service Hymnal for church, school and house
250 _a1 ed. :
_bHope Publishing Co.,
_cc1960
300 _a512 p.
650 _aHimnario
942 _cBK
999 _c26720
_d26720